Länder nach Duschgels #17 - Statistiken

Allgemein
  • Dieses Quiz wurde 20 mal gespielt
  • Das Durchschnittsergebnis liegt bei 7 aus 10
Antwortstatistiken
Bildquiz Antwort % Korrekt
Saudi-Arabien
89%
Niederlande
83%
Rumänien
83%
Luxemburg
78%
Mosambik
72%
Malediven
56%
Burundi
50%
Somalia
50%
Tschad
50%
Tuvalu
50%
Keine übereinstimmenden Quizze gefunden
Verteilung der Resultate
Anzahl Personen mit jedem Resultat
Perzentil nach korrekt beantworteten Fragen
Ihre Resultats-Entwicklung
Sie haben dieses Quiz noch nicht gespielt